<?xml version="1.0" encoding="UTF-8"?><?xml-stylesheet type="text/xsl" href="static/style.xsl"?><OAI-PMH xmlns="http://www.openarchives.org/OAI/2.0/" xmlns:xsi="http://www.w3.org/2001/XMLSchema-instance" xsi:schemaLocation="http://www.openarchives.org/OAI/2.0/ http://www.openarchives.org/OAI/2.0/OAI-PMH.xsd"><responseDate>2026-06-02T02:14:09Z</responseDate><request verb="GetRecord" identifier="oai:riuma.uma.es:10630/38288" metadataPrefix="marc">https://riuma.uma.es/rest/oai/request</request><GetRecord><record><header><identifier>oai:riuma.uma.es:10630/38288</identifier><datestamp>2026-02-12T12:44:54Z</datestamp><setSpec>com_10630_1685</setSpec><setSpec>col_10630_38055</setSpec></header><metadata><record xmlns="http://www.loc.gov/MARC21/slim" xmlns:dcterms="http://purl.org/dc/terms/" xmlns:doc="http://www.lyncode.com/xoai" xmlns:xsi="http://www.w3.org/2001/XMLSchema-instance" xsi:schemaLocation="http://www.loc.gov/MARC21/slim http://www.loc.gov/standards/marcxml/schema/MARC21slim.xsd">
   <leader>00925njm 22002777a 4500</leader>
   <datafield ind2=" " ind1=" " tag="042">
      <subfield code="a">dc</subfield>
   </datafield>
   <datafield ind2=" " ind1=" " tag="720">
      <subfield code="a">Martín Vázquez, Manuel</subfield>
      <subfield code="e">author</subfield>
   </datafield>
   <datafield ind2=" " ind1=" " tag="260">
      <subfield code="c">2023-09</subfield>
   </datafield>
   <datafield ind2=" " ind1=" " tag="520">
      <subfield code="a">El presente Trabajo de Fin de Grado consiste en la análisis tecnológico y patrimonial de la prensa de husillo a fricción Delalande del Siglo XIX situada el museo de las Reales Fábricas de Riópar (Albacete), mediante el software de CAD o diseño asistido por ordenador, SolidWorks. &#xd;
Este informe contribuye a la restauración y apreciación del legado industrial, que representa un testimonio del proceso de industrialización y cambio en nuestra comunidad. Estos elementos resultan esenciales para adentrarse en la evolución y crecimiento de nuestra sociedad.&#xd;
Primero, se ha realizado una investigación bibliográfica de la evolución histórica de las fábricas de Riópar. De esta forma, se ha podido contrastar la importancia y transcendencia de la prensa de husillo a fricción Delalande ubicada en estas fábricas.&#xd;
Posteriormente se ha analizado el funcionamiento de la prensa Delalande, según un análisis estático y dinámico con algunos ejemplos.&#xd;
Finalmente, se han realizado simulaciones para comprobar los resultados anteriores obtenidos.</subfield>
   </datafield>
   <datafield ind1="8" ind2=" " tag="024">
      <subfield code="a">https://hdl.handle.net/10630/38288</subfield>
   </datafield>
   <datafield tag="653" ind2=" " ind1=" ">
      <subfield code="a">Diseño asistido por ordenador - Trabajos fin de grado</subfield>
   </datafield>
   <datafield tag="653" ind2=" " ind1=" ">
      <subfield code="a">Riópar (Albacete) - Industria - Trabajos fin de grado</subfield>
   </datafield>
   <datafield ind2="0" ind1="0" tag="245">
      <subfield code="a">Análisis tecnológico y patrimonial de una prensa de husillo a fricción del siglo XIX situada el museo de las Reales Fábricas de Riópar (Albacete)</subfield>
   </datafield>
</record>
</metadata></record></GetRecord></OAI-PMH>